000 00597cam a2200181 4500
001 ##D16189
008 090401t1963 xxu||||| |||| 00| 0 eng d
035 _a(Sirsi) u27742
041 0 _aeng
050 0 4 _a333.0062 $2 18
110 2 _aRoyal Institution of Chartered Surveyors
_94900
245 0 0 _aScheme of amalgamation [between] the Chartered Auctioneers' and Estate Agents' Institute and the Incorporated Society of Auctioneers and Landed Property Agents
260 _aLondon
_bCAEAI
_c1963
300 _a28p.
_c22cm.
520 _aFiled in box 1963/42A
942 _n0
948 _c04/03/1997
999 _c89156
_d89156